000 02408nam0a2200397 4500
001 RU\NLR\BIBL_A\012864675
005 20260407113516.0
010 _a978-5-8149-3434-5
_950
021 _aRU
_b2022-35894
_9КН-П-3074
035 _a(RuMoRGB)011099092
035 _a(NLR Aleph) 012864675
090 _a12470242
_c12470242
100 _a20220811d2022 |||y0rusy50 ca
101 0 _arus
_aeng
102 _aRU
105 _ay z 000zy
182 1 _an
200 1 _aТопчий Валентин Алексеевич
_eбиобиблиографический указатель
_fМинобрнауки России, Институт математики имени С. Л. Соболева СО РАН, Омский филиал
_gсоставитель Р. Х. Багаутдинова
203 _aТекст
_bвизуальный
_cнепосредственный
210 _aОмск
_cОмГТУ
_d2022
215 _a27 с.
_cпортр.
_d21
300 _aЧасть текста парал. рус., англ.
330 _aУказатель подготовлен в целях сбора библиографической информации об опубликованных результатах научной и образовательной деятельности профессора, доктора физико-математических наук Топчия Валентина Алексеевича. Рекомендуется для научно-педагогических работников и студентов физико-математических специальностей, а также специалистов в области теории вероятностей
600 1 _aТопчий
_bВ. А.
_f1950
_gВалентин Алексеевич
_92529646
_3RU\NLR\AUTH\6601712387
675 _a012
_v4
675 _a016:519.2(47+57)(092)
_v4
686 1 _aЧ484(2)7-8Топчий.я1
686 1 _aВ1д(2)Топчий
702 1 _aБагаутдинова
_bР. Х.
_gРоза Хаматкамиловна
_4220
712 0 2 _4570
_aИнститут математики им. С. Л. Соболева
_cНовосибирск
_bОмский филиал
_3RU\NLR\AUTH\8810065511
_9632627
942 _cBOOK
980 _aNB